01429nam a2200325Ia 4500001001100000003000800011006001900019007001500038008004100053020002400094020002800118040002100146035002000167050002100187055000800208082001500216245009200231260004400323300002200367490014000389500002200529504005500551533015200606650002200758655002900780700002100809710001700830830013100847856012500978ebr5000218CaPaEBRm u cr cn|||||||||960129s1996 ne a sb 001 0 eng d z9027236283 (Europe) z1556195796 (alk. paper) aCaPaEBRcCaPaEBR a(OCoLC)7076619414aP40b.T69 1996eb01aP4004a306.4422100aTowards a critical sociolinguisticsh[electronic resource] /cedited by Rajendra Singh. aAmsterdam :bJ. Benjamins Pub.,cc1996. ax, 342 p. :bill.1 aAmsterdam studies in the theory and history of linguistic science. Series IV, Current issues in linguistic theory,x0304-0763 ;vv. 125 aIncludes indexes. aIncludes bibliographical references: p. [305]-332. aElectronic reproduction.bPalo Alto, Calif. :cebrary,d2013.nAvailable via World Wide Web.nAccess may be limited to ebrary affiliated libraries. 0aSociolinguistics. 7aElectronic books.2local1 aSingh, Rajendra.2 aebrary, Inc. 0aAmsterdam studies in the theory and history of linguistic science.nSeries IV,pCurrent issues in linguistic theory ;vv. 125.40uhttp://site.ebrary.com/lib/rucke/Doc?id=5000218zAn electronic book accessible through the World Wide Web; click to view